| 000 | 01606cam a2200349 a 4500 | ||
|---|---|---|---|
| 001 | 1199009 | ||
| 003 | OSt | ||
| 005 | 20160408161410.0 | ||
| 008 | 980715s1998 ne a b 101 0 eng | ||
| 010 | _a 98030405 | ||
| 020 | _a904111064X (acid-free paper) | ||
| 040 |
_aDLC _cDLC _dDLC |
||
| 050 | 0 | 0 |
_aJZ6368 _b.E18 1998 |
| 082 | 0 | 0 |
_a320 _221 _bEAR 1998 |
| 245 | 0 | 0 |
_aEarly warning and conflict prevention : _blimitations and possibilities / _cedited by Klaas van Walraven. |
| 260 |
_aThe Hague ; _aBoston : _bKluwer Law International, _c1998. |
||
| 300 |
_axii, 204 p. : _bill. ; _c24 cm. |
||
| 490 | 1 |
_aNijhoff law specials ; _vv. 39 |
|
| 500 | _aPapers presented at a symposium held at Netherlands Institute of International Relations 'Clingendael' in Nov. 1996. | ||
| 504 | _aIncludes bibliographical references (p. 187-197) and index. | ||
| 650 | 0 |
_aInternational relations _xRisk assessment _xCongresses. _97649 |
|
| 650 | 0 |
_aIntervention (International law) _xCongresses. _97650 |
|
| 650 | 0 |
_aSecurity, International _xCongresses. _97651 |
|
| 650 | 0 |
_aConflict management _xCongresses. _97652 |
|
| 653 | _aHumanitarian intervention | ||
| 700 | 1 |
_aWalraven, Klaas van, _d1958- _97653 |
|
| 710 | 2 |
_aNederlands Instituut voor Internationale Betrekkingen "Clingendael." _97654 |
|
| 830 | 0 |
_aNijhoff law specials ; _v39. _97655 |
|
| 906 |
_a7 _bcbc _corignew _d1 _eocip _f19 _gy-gencatlg |
||
| 942 |
_2ddc _cSLOAN |
||
| 999 |
_c3428 _d3428 |
||